[Event "4th Cap d'Agde rapid festival, Group B"]
[Site "Cap d'Agde"]
[Date "2000.10.??"]
[Round "2"]
[White "Gurevich, Mikhail Naumovich"]
[Black "Dorfman, Iosif Davidovich"]
[Result "1/2-1/2"]
[WhiteElo "2667"]
[BlackElo "2600"]
[WhiteTitle "GM"]
[BlackTitle "GM"]
[EventDate "2000.10.29"]
[Source "365chess.com"]

1. d4 d5 2. c4 c6 3. Nf3 Nf6 4. e3 Bf5 5. Nc3 e6 6. Nh4 Be4 7. f3 Bg6 8. Qb3
Qc7 9. Bd2 Nbd7 10. cxd5 exd5 11. O-O-O O-O-O 12. Nxg6 hxg6 13. e4 dxe4 14. Qxf7
exf3 15. gxf3 Nb6 16. Qxg6 Rxd4 17. Bd3 Kb8 18. Kb1 Nbd5 19. Nxd5 Rxd5 20. h4
Qd7 21. Bg5 Bc5 22. Bc2 Rf8 23. a3 a6 24. Rhf1 Ka8 25. Bb3 Rd6 26. Rxd6 Bxd6
27. Rd1 Qc7 28. Qd3 Be5 29. Ka2 Re8 30. Qd2 c5 31. Bc4 Bd4 32. Re1 Rxe1 33. Qxe1
Ka7 34. Qe2 Qd6 35. Bb3 Nd7 36. Be7 Qf4 37. Bd5 Nb6 38. Bb3 Qc1 39. Bg5 Qh1
40. Bd8 Qc1 41. Bg5 Qh1 42. Bc2 Qh3 43. Bb3 1/2-1/2

[Event "4th Cap d'Agde rapid festival, Group B"]
[Site "Cap d'Agde"]
[Date "2000.10.??"]
[Round "3"]
[White "Campos Moreno, Javier Benito"]
[Black "Gurevich, Mikhail Naumovich"]
[Result "0-1"]
[WhiteElo "2491"]
[BlackElo "2667"]
[WhiteTitle "IM"]
[BlackTitle "GM"]
[EventDate "2000.10.29"]
[Source "365chess.com"]

1. d4 d5 2. c4 c6 3. Nf3 Nf6 4. Nc3 e6 5. Bg5 h6 6. Bxf6 Qxf6 7. e3 Nd7 8. Bd3
dxc4 9. Bxc4 g6 10. O-O Bg7 11. b4 O-O 12. a4 Qe7 13. Qb3 Rd8 14. a5 Nf6 15. e4
Rb8 16. b5 Bd7 17. Rfe1 cxb5 18. Bxb5 Rbc8 19. e5 Ne8 20. Ne4 Bxb5 21. Qxb5 Rb8
22. Rab1 Nc7 23. Qc5 Qxc5 24. dxc5 Na6 25. Rb5 Rbc8 26. Rxb7 Nxc5 27. Nxc5 Rxc5
28. Rxa7 Bxe5 29. Nxe5 Rxe5 30. Ra1 Rd2 31. g4 Ree2 32. Rf1 Ra2 33. a6 Kg7
34. Kg2 Re4 35. h3 Rea4 36. Rc1 Rxa6 37. Rxa6 Rxa6 38. Rc7 Ra3 39. Rb7 Kf6
40. Rc7 Ra6 41. Rb7 Ra4 42. Rc7 g5 43. Rb7 Kg6 44. Re7 Rf4 45. Kg3 h5 46. Re8
h4+ 47. Kg2 Ra4 48. Re7 Ra8 49. Rb7 Kf6 50. Rb5 Ra7 51. Rc5 Rd7 52. Ra5 Kg6
53. Ra6 Kg7 54. Rb6 Kf8 55. Rb5 Rd5 56. Rb7 Kg7 57. Ra7 Rd4 58. Ra5 Kg6 59. Ra6
Re4 60. Rb6 Ra4 61. Rc6 Ra3 62. Rb6 Rc3 63. Ra6 Rc5 64. Rb6 Kf6 65. Rb7 Rc6
66. Ra7 e5 67. Rb7 Ke6 68. Ra7 f6 69. Ra5 Kd6 70. Rb5 Ra6 71. Rb8 Kd5 72. Rf8
Ke4 73. Rf7 Kf4 74. Rb7 e4 75. Rb5 e3 76. Rf5+ Ke4 77. fxe3 Kxe3 78. Rf3+ Ke4
79. Rf2 Rc6 80. Re2+ Kd4 81. Re8 Kd3 82. Rf8 Re6 83. Kf2 Re2+ 84. Kg1 Re6
85. Kf2 Ke4 86. Ra8 Rd6 87. Ra4+ Rd4 88. Ra2 Rd3 89. Ra4+ Rd4 90. Ra2 Kf4
91. Kg2 Ke3 92. Ra3+ Rd3 93. Ra2 Rd2+ 94. Rxd2 Kxd2 95. Kf2 Kd3 96. Kf3 Kd4
97. Kf2 Ke4 98. Ke2 Kf4 99. Kf2 Ke5 100. Ke3 Ke6 101. Kf3 Kd5 102. Kf2 Kd4
103. Kf3 Kd3 104. Kf2 Kd2 105. Kf3 Ke1 106. Ke4 Kf2 107. Kf5 Kg3 108. Kxf6 Kxh3
109. Kxg5 Kg3 110. Kf5 h3 111. g5 h2 112. g6 h1=Q 113. g7 Qh7+ 114. Kf6 Qg8 0-1

[Event "4th Cap d'Agde rapid festival, Group B"]
[Site "Cap d'Agde"]
[Date "2000.10.??"]
[Round "4"]
[White "Gurevich, Mikhail Naumovich"]
[Black "Nisipeanu, Liviu-Dieter"]
[Result "1/2-1/2"]
[WhiteElo "2667"]
[BlackElo "2592"]
[WhiteTitle "GM"]
[BlackTitle "GM"]
[EventDate "2000.10.29"]
[Source "365chess.com"]

1. c4 e6 2. Nc3 c5 3. Nf3 Nf6 4. g3 b6 5. Bg2 Bb7 6. O-O Be7 7. Re1 d6 8. e4 a6
9. d4 cxd4 10. Nxd4 Qc7 11. Be3 O-O 12. Rc1 Nbd7 13. f4 h5 14. h3 Rfe8 15. Bf2
Bf8 16. Nf3 Rad8 17. Qe2 g6 18. Ng5 Nh7 19. Nxh7 Kxh7 20. g4 hxg4 21. hxg4 Bg7
22. Bf3 g5 23. e5 Bxf3 24. Qxf3 gxf4 25. exd6 Qxd6 26. Ne4 Qc7 27. Bh4 Ne5
28. Qh1 Kg8 29. Nf6+ Kf8 30. Nh7+ Kg8 31. Nf6+ Kf8 32. Nh7+ 1/2-1/2

[Event "4th Cap d'Agde rapid festival, Group B"]
[Site "Cap d'Agde"]
[Date "2000.10.??"]
[Round "7"]
[White "Gurevich, Mikhail Naumovich"]
[Black "Serper, Grigory"]
[Result "1/2-1/2"]
[WhiteElo "2667"]
[BlackElo "2574"]
[WhiteTitle "GM"]
[BlackTitle "GM"]
[EventDate "2000.10.29"]
[Source "365chess.com"]

1. d4 Nf6 2. c4 e6 3. Nc3 Bb4 4. e3 c5 5. Bd3 Nc6 6. Nf3 Bxc3+ 7. bxc3 d6 8. e4
e5 9. d5 Ne7 10. O-O h6 11. Nh4 g5 12. Qf3 Nh7 13. Nf5 Nxf5 14. exf5 Bd7 15. Rb1
b6 16. Bc2 Rb8 17. a4 a5 18. h4 Qf6 19. h5 1/2-1/2

[Event "4th Cap d'Agde rapid festival, Quarter final"]
[Site "Cap d'Agde"]
[Date "2000.11.01"]
[Round "2"]
[White "Gurevich, Mikhail Naumovich"]
[Black "Benjamin, Joel"]
[Result "1/2-1/2"]
[WhiteElo "2667"]
[BlackElo "2577"]
[WhiteTitle "GM"]
[BlackTitle "GM"]
[EventDate "2000.10.29"]
[Source "365chess.com"]

1. d4 Nf6 2. c4 c5 3. d5 b5 4. cxb5 a6 5. bxa6 g6 6. Nc3 Bxa6 7. e4 Bxf1
8. Kxf1 d6 9. g3 Bg7 10. Nf3 O-O 11. Kg2 Nbd7 12. Re1 Qa5 13. h3 Rfb8 14. Qc2
Nb6 15. Re2 Na4 16. Nd1 Nd7 17. Rb1 c4 18. Be3 Nac5 19. Bd4 Qxa2 20. Bxg7 Kxg7
21. Nc3 Qa6 22. Qd2 Nb3 23. Qf4 f6 24. h4 Ne5 25. Nxe5 dxe5 26. Qg4 h5 27. Qd7
Ra7 28. Qh3 Nc5 29. Qh1 Rb3 30. Qd1 Nd3 31. Rc2 Qb6 32. Qe2 Rb7 33. Nd1 Qd4
34. Rc3 R3b4 35. Rc2 Nc5 36. Nc3 Nd3 37. Nd1 Nc5 38. Nc3 Rb3 39. Rd2 Nd3 40. Nd1
Qa7 41. Ne3 Qa2 42. Rbd1 Rxb2 43. Nxc4 Qxc4 44. Qxd3 Qxd3 45. Rxd3 Re2 46. R1d2
Rxe4 47. d6 exd6 48. Rxd6 Kf7 49. Ra6 Rd4 50. Rxd4 exd4 51. Rd6 Rb4 52. Kf3 Ke7
53. Ra6 Rb2 54. Ra4 Rd2 55. Ra7+ Ke6 56. Ra6+ Kf7 57. Ra7+ Ke6 58. Ra6+ Kd5
59. Rxf6 Kc4 60. Rc6+ Kd3 61. Rxg6 Ra2 62. Rf6 Ra8 63. g4 hxg4+ 64. Kxg4 Ke2
65. h5 Rd8 66. Ra6 d3 67. Ra2+ d2 68. h6 Kxf2 69. h7 Ke1 70. Rxd2 Kxd2 71. Kf5
Ke3 72. Kg6 Kf4 73. Kg7 Kg5 74. h8=Q Rd7+ 75. Kf8 Rd8+ 76. Kg7 Rxh8 77. Kxh8
1/2-1/2

[Event "4th Cap d'Agde rapid festival, final"]
[Site "Cap d'Agde"]
[Date "2000.11.04"]
[Round "3"]
[White "Karpov, Anatoly Yevgenyevich"]
[Black "Gurevich, Mikhail Naumovich"]
[Result "0-1"]
[WhiteElo "2699"]
[BlackElo "2667"]
[WhiteTitle "GM"]
[BlackTitle "GM"]
[EventDate "2000.10.29"]
[Source "365chess.com"]

1. d4 Nf6 2. c4 e6 3. Nf3 b6 4. g3 Ba6 5. b3 Bb4+ 6. Bd2 Be7 7. Bg2 c6 8. Bc3
d5 9. Ne5 Nfd7 10. Nxd7 Nxd7 11. Nd2 O-O 12. O-O b5 13. c5 f5 14. f4 g5 15. Nf3
gxf4 16. gxf4 Kh8 17. Kh1 Rg8 18. Rg1 Bf6 19. Qd2 Qf8 20. Ba5 Rc8 21. Qe3 Qe7
22. Bh3 Rge8 23. Ne5 Nxe5 24. fxe5 Bh4 25. Bd2 Rg8 26. b4 Bb7 27. Qf4 Rcf8
28. Be3 Bc8 29. a4 bxa4 30. Rxa4 Rxg1+ 31. Bxg1 Rg8 32. Ra1 Bg5 33. Qf3 Bd2
34. Bf2 Bxb4 35. Qh5 Bd2 36. e3 Rg5 37. Qh4 Bxe3 38. Bxe3 Rg1+ 39. Rxg1 Qxh4
40. Bg5 Qe4+ 41. Bg2 Qxd4 42. Bf6+ Kg8 43. Bf3+ Kf8 44. h3 Qd3 45. Kg2 Ba6
46. Kg3 Bc4 47. Rg2 d4 48. Rb2 Bd5 49. Rb8+ Kf7 50. Rb7+ Kg6 0-1

[Event "4th Cap d'Agde rapid festival, final"]
[Site "Cap d'Agde"]
[Date "2000.11.04"]
[Round "4"]
[White "Gurevich, Mikhail Naumovich"]
[Black "Karpov, Anatoly Yevgenyevich"]
[Result "1/2-1/2"]
[WhiteElo "2667"]
[BlackElo "2699"]
[WhiteTitle "GM"]
[BlackTitle "GM"]
[EventDate "2000.10.29"]
[Source "365chess.com"]

1. c4 Nf6 2. Nc3 e5 3. Nf3 Nc6 4. a3 d6 5. e3 g6 6. g3 Bg7 7. Bg2 O-O 8. d3 Bd7
9. O-O Qc8 10. Rb1 Bh3 11. b4 Bxg2 12. Kxg2 Re8 13. Qc2 Nd8 14. Bb2 Ne6 15. Rbd1
c6 16. h3 h5 17. Ne4 Nxe4 18. dxe4 Qc7 19. Rd3 a5 20. Rfd1 axb4 21. axb4 Red8
22. R3d2 Bf8 23. c5 dxc5 24. Bxe5 Qb6 25. bxc5 Qxc5 26. Qb1 Rxd2 27. Rxd2 b5
28. Rc2 Qb6 29. Nd4 Nxd4 30. exd4 b4 31. d5 cxd5 32. exd5 Qb5 33. Rd2 b3 34. Bb2
Bg7 35. d6 Rd8 36. Bxg7 Kxg7 37. Qe4 Rd7 38. Qd4+ Kh7 39. Kh2 Qc6 40. Qb4 Rb7
41. Qd4 Qd7 42. Rb2 Qe6 43. Qd3 h4 44. d7 Rxd7 45. Qxb3 hxg3+ 46. Qxg3 Rd1
47. Qf3 Rd5 48. Rb4 Rf5 49. Qg3 Qf6 50. Qh4+ Qxh4 51. Rxh4+ Kg7 52. Kg2 Ra5
53. Rc4 f5 54. Rc6 Kh6 55. Kg3 Ra3+ 56. Kg2 Kg5 57. Rc4 Kh5 58. Rb4 g5 59. Rc4
f4 60. Rc8 Ra7 61. Rh8+ Kg6 62. Rg8+ Kf6 63. Rf8+ Kg7 64. Rb8 Ra3 65. Rb4 Kg6
66. h4 1/2-1/2